000 00317nam a2200133Ia 4500
008 190216s9999||||xx |||||||||||||| ||und||
100 _aArora P N
245 0 _aProgramming With Basic For Computers
250 _asecond
260 _bS Chand & Co
_c1988
300 _a184 p
650 _aComputer Science
942 _cBK
999 _c8371
_d8371